000 00659nam a22002177a 4500
999 _c56171
_d56171
005 20211116073858.0
008 s2008 eng d
020 _a9789241580410
040 _aNALT
041 _aeng
090 _aKF 503
_bW67I 2008
110 2 _aWorld Health Organization
_9390
245 1 0 _aInternational health regulations (2005).
250 _a2nd ed.
260 _aGeneva :
_bWorld Health Organization Press,
_c2008.
300 _a74 p. ;
_b
_c21 cm.
650 0 _aPublic health laws, International
_912675
850 _aNALT
942 _cLB
_2local
998 _j
_kCRON CRON